[Event "DVM U20 2020"]
[Site "Willingen GER"]
[Date "2021.06.24"]
[Round "2"]
[White "Fieberg, Samuel"]
[Black "Kasüschke, Lars"]
[Result "1-0"]
[Termination "normal"]
[Board "5.3"]
[WhiteTitle "FM"]
[WhiteElo "2180"]
[BlackElo "1960"]
[WhiteClock "01:04:03"]
[BlackClock "00:00:48"]
[WhiteTeam "Schachgemeinschaft Porz e. V."]
[BlackTeam "SK Bebenhausen 1992"]
[PlyCount "113"]
[WhiteFideId "12901717"]
[BlackFideId "12939510"]
[EventCountry "GER"]
[EventRounds "7"]
[EventType "team-swiss"]
[EventDate "2021.06.23"]

1. e4 {[%clk 01:30:54]} {[%emt 00:00:03]} c5 {[%clk 01:30:43]} {[%emt
00:00:18]} 2. Nf3 {[%clk 01:31:11]} {[%emt 00:00:13]} e6 {[%clk 01:30:46]}
{[%emt 00:00:27]} 3. d4 {[%clk 01:31:32]} {[%emt 00:00:08]} cxd4 {[%clk
01:31:01]} {[%emt 00:00:15]} 4. Nxd4 {[%clk 01:31:58]} {[%emt 00:00:05]} Nc6
{[%clk 01:31:10]} {[%emt 00:00:21]} 5. Nc3 {[%clk 01:31:29]} {[%emt 00:00:59]}
Qc7 {[%clk 01:27:51]} {[%emt 00:03:48]} 6. g3 {[%clk 01:30:18]} {[%emt
00:01:41]} a6 {[%clk 01:25:43]} {[%emt 00:02:38]} 7. Bg2 {[%clk 01:29:49]}
{[%emt 00:00:59]} Nf6 {[%clk 01:25:57]} {[%emt 00:00:16]} 8. O-O {[%clk
01:29:36]} {[%emt 00:00:42]} Nxd4 {[%clk 01:25:55]} {[%emt 00:00:32]} 9. Qxd4
{[%clk 01:29:59]} {[%emt 00:00:07]} Bc5 {[%clk 01:26:11]} {[%emt 00:00:13]} 10.
Qd3 {[%clk 01:30:18]} {[%emt 00:00:12]} h6 {[%clk 01:25:44]} {[%emt 00:00:58]}
11. Be3 {[%clk 01:27:57]} {[%emt 00:02:50]} O-O {[%clk 01:24:57]} {[%emt
00:01:16]} 12. Bxc5 {[%clk 01:26:57]} {[%emt 00:01:31]} Qxc5 {[%clk 01:24:46]}
{[%emt 00:00:41]} 13. Rad1 {[%clk 01:27:01]} {[%emt 00:00:26]} Rb8 {[%clk
01:21:03]} {[%emt 00:04:12]} 14. Rfe1 {[%clk 01:25:07]} {[%emt 00:02:25]} Ng4
{[%clk 01:17:30]} {[%emt 00:04:03]} 15. Qd4 {[%clk 01:25:03]} {[%emt 00:00:34]}
Qxd4 {[%clk 01:08:32]} {[%emt 00:09:28]} 16. Rxd4 {[%clk 01:25:30]} {[%emt
00:00:03]} Ne5 {[%clk 00:59:36]} {[%emt 00:09:26]} 17. f4 {[%clk 01:24:58]}
{[%emt 00:01:02]} Nc6 {[%clk 00:59:35]} {[%emt 00:00:30]} 18. Rd6 {[%clk
01:24:34]} {[%emt 00:00:54]} Rd8 {[%clk 00:55:52]} {[%emt 00:04:13]} 19. Na4
{[%clk 01:23:09]} {[%emt 00:01:55]} b5 {[%clk 00:52:19]} {[%emt 00:04:05]} 20.
Nc5 {[%clk 01:23:19]} {[%emt 00:00:20]} Kf8 {[%clk 00:49:52]} {[%emt 00:02:57]}
21. e5 {[%clk 01:22:41]} {[%emt 00:01:07]} Ke8 {[%clk 00:36:08]} {[%emt
00:14:15]} 22. Red1 {[%clk 01:17:48]} {[%emt 00:05:23]} Ne7 {[%clk 00:32:55]}
{[%emt 00:03:44]} 23. Nxa6 {[%clk 01:17:52]} {[%emt 00:00:26]} Bxa6 {[%clk
00:32:58]} {[%emt 00:00:26]} 24. Rxa6 {[%clk 01:18:20]} {[%emt 00:00:02]} Rdc8
{[%clk 00:30:50]} {[%emt 00:02:39]} 25. Rd2 {[%clk 01:17:37]} {[%emt 00:01:13]}
Rc7 {[%clk 00:28:53]} {[%emt 00:02:27]} 26. Be4 {[%clk 01:17:08]} {[%emt
00:00:58]} Nc8 {[%clk 00:25:34]} {[%emt 00:03:49]} 27. Kf2 {[%clk 01:15:50]}
{[%emt 00:01:48]} Ke7 {[%clk 00:22:24]} {[%emt 00:03:40]} 28. Rd4 {[%clk
01:12:43]} {[%emt 00:03:36]} Rb6 {[%clk 00:16:53]} {[%emt 00:06:01]} 29. Ra5
{[%clk 01:10:26]} {[%emt 00:02:47]} d6 {[%clk 00:16:23]} {[%emt 00:01:02]} 30.
Rb4 {[%clk 01:08:43]} {[%emt 00:02:12]} Na7 {[%clk 00:10:49]} {[%emt 00:06:03]}
31. exd6+ {[%clk 01:08:36]} {[%emt 00:00:38]} Rxd6 {[%clk 00:09:36]} {[%emt
00:01:43]} 32. Ke2 {[%clk 00:56:36]} {[%emt 00:12:30]} f5 {[%clk 00:08:09]}
{[%emt 00:01:57]} 33. Bd3 {[%clk 00:57:03]} {[%emt 00:00:03]} Nc6 {[%clk
00:07:50]} {[%emt 00:00:48]} 34. Raxb5 {[%clk 00:57:32]} {[%emt 00:00:03]} Nxb4
{[%clk 00:06:56]} {[%emt 00:01:24]} 35. Rxb4 {[%clk 00:57:59]} {[%emt
00:00:02]} Rd5 {[%clk 00:06:31]} {[%emt 00:00:53]} 36. a4 {[%clk 00:55:58]}
{[%emt 00:02:32]} g5 {[%clk 00:05:29]} {[%emt 00:01:32]} 37. Ke3 {[%clk
00:52:49]} {[%emt 00:03:38]} Kf6 {[%clk 00:03:45]} {[%emt 00:02:15]} 38. Rb3
{[%clk 00:52:35]} {[%emt 00:00:45]} gxf4+ {[%clk 00:02:22]} {[%emt 00:01:53]}
39. gxf4 {[%clk 00:52:59]} {[%emt 00:00:06]} Ra5 {[%clk 00:01:16]} {[%emt
00:01:35]} 40. Ra3 {[%clk 00:53:10]} {[%emt 00:00:19]} Rb7 {[%clk 00:00:44]}
{[%emt 00:01:01]} 41. Bb5 {[%clk 00:51:38]} {[%emt 00:02:02]} e5 {[%clk
00:28:45]} {[%emt 00:02:29]} 42. c4 {[%clk 01:21:39]} {[%emt 00:00:30]} exf4+
{[%clk 00:26:29]} {[%emt 00:02:46]} 43. Kxf4 {[%clk 01:20:49]} {[%emt
00:01:20]} Re7 {[%clk 00:26:38]} {[%emt 00:00:21]} 44. b4 {[%clk 01:20:09]}
{[%emt 00:01:10]} Ra8 {[%clk 00:26:48]} {[%emt 00:00:16]} 45. a5 {[%clk
01:19:14]} {[%emt 00:01:28]} Rg8 {[%clk 00:22:10]} {[%emt 00:05:06]} 46. a6
{[%clk 01:17:20]} {[%emt 00:02:26]} Re4+ {[%clk 00:20:13]} {[%emt 00:02:26]}
47. Kf3 {[%clk 01:17:46]} {[%emt 00:00:05]} Rh4 {[%clk 00:20:27]} {[%emt
00:00:16]} 48. Ra5 {[%clk 01:11:02]} {[%emt 00:07:14]} Rh3+ {[%clk 00:20:25]}
{[%emt 00:00:31]} 49. Kf2 {[%clk 01:10:57]} {[%emt 00:00:36]} Rxh2+ {[%clk
00:19:38]} {[%emt 00:01:17]} 50. Ke3 {[%clk 01:10:39]} {[%emt 00:00:47]} Rd8
{[%clk 00:16:01]} {[%emt 00:04:06]} 51. Bc6 {[%clk 01:08:54]} {[%emt 00:02:18]}
Rd1 {[%clk 00:08:03]} {[%emt 00:08:27]} 52. Bf3 {[%clk 01:03:10]} {[%emt
00:06:15]} Rb1 {[%clk 00:01:25]} {[%emt 00:07:08]} 53. a7 {[%clk 01:03:24]}
{[%emt 00:00:16]} Rb3+ {[%clk 00:01:16]} {[%emt 00:00:39]} 54. Kd4 {[%clk
01:03:00]} {[%emt 00:00:55]} Rxf3 {[%clk 00:00:35]} {[%emt 00:01:11]} 55. a8=Q
{[%clk 01:03:17]} {[%emt 00:00:12]} Rf4+ {[%clk 00:00:46]} {[%emt 00:00:18]}
56. Kc5 {[%clk 01:03:38]} {[%emt 00:00:09]} Rc2 {[%clk 00:00:48]} {[%emt
00:00:30]} 57. Ra6+ {[%clk 01:04:03]} {[%emt 00:00:05]} 1-0

[Event "DVM U20 2020"]
[Site "Willingen GER"]
[Date "2021.06.24"]
[Round "2"]
[White "Omert, Oliver"]
[Black "Gallasch, Jonas"]
[Result "0-1"]
[Termination "normal"]
[Board "5.4"]
[WhiteElo "1897"]
[BlackElo "2112"]
[WhiteClock "00:00:58"]
[BlackClock "00:02:35"]
[WhiteTeam "SK Bebenhausen 1992"]
[BlackTeam "Schachgemeinschaft Porz e. V."]
[PlyCount "82"]
[WhiteFideId "16261208"]
[BlackFideId "16222474"]
[EventCountry "GER"]
[EventRounds "7"]
[EventType "team-swiss"]
[EventDate "2021.06.23"]

1. e4 {[%clk 01:30:54]} {[%emt 00:00:05]} c6 {[%clk 01:30:51]} {[%emt
00:00:09]} 2. Nc3 {[%clk 01:31:19]} {[%emt 00:00:05]} d5 {[%clk 01:31:15]}
{[%emt 00:00:06]} 3. Nf3 {[%clk 01:31:45]} {[%emt 00:00:04]} Bg4 {[%clk
01:31:38]} {[%emt 00:00:09]} 4. h3 {[%clk 01:32:10]} {[%emt 00:00:04]} Bxf3
{[%clk 01:32:03]} {[%emt 00:00:06]} 5. Qxf3 {[%clk 01:32:34]} {[%emt 00:00:05]}
e6 {[%clk 01:32:26]} {[%emt 00:00:07]} 6. d3 {[%clk 01:28:59]} {[%emt
00:04:04]} Nd7 {[%clk 01:32:26]} {[%emt 00:00:31]} 7. g3 {[%clk 01:11:51]}
{[%emt 00:17:38]} g6 {[%clk 01:32:02]} {[%emt 00:00:55]} 8. Bg2 {[%clk
01:12:05]} {[%emt 00:00:16]} Bg7 {[%clk 01:32:16]} {[%emt 00:00:16]} 9. O-O
{[%clk 01:10:18]} {[%emt 00:02:17]} Ne7 {[%clk 01:31:06]} {[%emt 00:01:39]} 10.
Qe2 {[%clk 01:03:29]} {[%emt 00:07:19]} O-O {[%clk 01:24:54]} {[%emt 00:06:41]}
11. Nd1 {[%clk 00:56:57]} {[%emt 00:07:03]} Re8 {[%clk 01:11:07]} {[%emt
00:14:17]} 12. c3 {[%clk 00:55:39]} {[%emt 00:01:48]} b5 {[%clk 01:06:29]}
{[%emt 00:05:08]} 13. Ne3 {[%clk 00:49:53]} {[%emt 00:06:16]} f5 {[%clk
01:00:45]} {[%emt 00:06:14]} 14. Nc2 {[%clk 00:48:55]} {[%emt 00:01:27]} Qb6
{[%clk 00:45:53]} {[%emt 00:15:23]} 15. Rb1 {[%clk 00:23:16]} {[%emt 00:26:09]}
a5 {[%clk 00:30:38]} {[%emt 00:15:46]} 16. Nd4 {[%clk 00:12:10]} {[%emt
00:11:35]} Bxd4 {[%clk 00:22:59]} {[%emt 00:08:08]} 17. cxd4 {[%clk 00:12:35]}
{[%emt 00:00:06]} Qxd4 {[%clk 00:23:14]} {[%emt 00:00:15]} 18. b3 {[%clk
00:09:22]} {[%emt 00:03:44]} Qb6 {[%clk 00:16:53]} {[%emt 00:06:50]} 19. h4
{[%clk 00:03:02]} {[%emt 00:06:50]} e5 {[%clk 00:06:39]} {[%emt 00:10:44]} 20.
h5 {[%clk 00:02:56]} {[%emt 00:00:37]} Nf6 {[%clk 00:06:08]} {[%emt 00:01:02]}
21. h6 {[%clk 00:01:37]} {[%emt 00:01:48]} fxe4 {[%clk 00:04:35]} {[%emt
00:02:03]} 22. Bg5 {[%clk 00:01:27]} {[%emt 00:00:40]} Rf8 {[%clk 00:03:34]}
{[%emt 00:01:31]} 23. dxe4 {[%clk 00:01:42]} {[%emt 00:00:15]} Rae8 {[%clk
00:02:59]} {[%emt 00:01:05]} 24. Rbd1 {[%clk 00:01:15]} {[%emt 00:00:56]} d4
{[%clk 00:02:48]} {[%emt 00:00:41]} 25. a4 {[%clk 00:01:27]} {[%emt 00:00:19]}
Nc8 {[%clk 00:02:39]} {[%emt 00:00:40]} 26. Qa2 {[%clk 00:01:06]} {[%emt
00:00:50]} Kh8 {[%clk 00:02:08]} {[%emt 00:01:01]} 27. f3 {[%clk 00:00:41]}
{[%emt 00:00:55]} Nd6 {[%clk 00:01:05]} {[%emt 00:01:33]} 28. Ra1 {[%clk
00:00:59]} {[%emt 00:00:12]} b4 {[%clk 00:01:13]} {[%emt 00:00:22]} 29. Qc2
{[%clk 00:01:17]} {[%emt 00:00:11]} Nfxe4 {[%clk 00:00:50]} {[%emt 00:00:53]}
30. fxe4 {[%clk 00:01:01]} {[%emt 00:00:47]} d3+ {[%clk 00:01:15]} {[%emt
00:00:04]} 31. Qf2 {[%clk 00:01:15]} {[%emt 00:00:15]} Rxf2 {[%clk 00:01:38]}
{[%emt 00:00:07]} 32. Rxf2 {[%clk 00:01:41]} {[%emt 00:00:04]} Nf7 {[%clk
00:01:36]} {[%emt 00:00:32]} 33. Bf6+ {[%clk 00:01:45]} {[%emt 00:00:27]} Kg8
{[%clk 00:02:02]} {[%emt 00:00:05]} 34. Bg7 {[%clk 00:02:04]} {[%emt 00:00:11]}
Qd4 {[%clk 00:02:08]} {[%emt 00:00:24]} 35. Raf1 {[%clk 00:02:02]} {[%emt
00:00:32]} d2 {[%clk 00:01:48]} {[%emt 00:00:50]} 36. Bf3 {[%clk 00:02:02]}
{[%emt 00:00:29]} Ng5 {[%clk 00:01:41]} {[%emt 00:00:38]} 37. Bg4 {[%clk
00:02:01]} {[%emt 00:00:32]} Nxe4 {[%clk 00:01:17]} {[%emt 00:00:53]} 38. Kg2
{[%clk 00:02:27]} {[%emt 00:00:05]} Nxf2 {[%clk 00:01:37]} {[%emt 00:00:10]}
39. Rxf2 {[%clk 00:02:52]} {[%emt 00:00:05]} Qd5+ {[%clk 00:01:56]} {[%emt
00:00:10]} 40. Bf3 {[%clk 00:00:40]} {[%emt 00:02:43]} d1=Q {[%clk 00:02:11]}
{[%emt 00:00:14]} 41. Bxd5+ {[%clk 00:00:58]} {[%emt 00:00:13]} Qxd5+ {[%clk
00:02:35]} {[%emt 00:00:06]} 0-1

[Event "DVM U20 2020"]
[Site "Willingen GER"]
[Date "2021.06.24"]
[Round "2"]
[White "Mohammadi Nia, Borna"]
[Black "Grimm, Ling Leander"]
[Result "1-0"]
[Termination "normal"]
[Board "5.5"]
[WhiteElo "2079"]
[BlackElo "1811"]
[WhiteClock "00:32:10"]
[BlackClock "00:01:29"]
[WhiteTeam "Schachgemeinschaft Porz e. V."]
[BlackTeam "SK Bebenhausen 1992"]
[PlyCount "65"]
[WhiteFideId "16207319"]
[BlackFideId "12968277"]
[EventCountry "GER"]
[EventRounds "7"]
[EventType "team-swiss"]
[EventDate "2021.06.23"]

1. e4 {[%clk 01:30:55]} {[%emt 00:00:04]} c5 {[%clk 01:30:34]} {[%emt
00:00:27]} 2. Nf3 {[%clk 01:31:16]} {[%emt 00:00:10]} g6 {[%clk 01:30:26]}
{[%emt 00:00:37]} 3. c3 {[%clk 01:30:46]} {[%emt 00:01:00]} d5 {[%clk
01:27:33]} {[%emt 00:03:23]} 4. exd5 {[%clk 01:29:45]} {[%emt 00:01:32]} Qxd5
{[%clk 01:26:35]} {[%emt 00:01:27]} 5. Na3 {[%clk 01:27:57]} {[%emt 00:02:19]}
Bg7 {[%clk 01:13:17]} {[%emt 00:13:47]} 6. Bc4 {[%clk 01:23:52]} {[%emt
00:04:35]} Qe4+ {[%clk 01:08:06]} {[%emt 00:05:40]} 7. Qe2 {[%clk 01:20:44]}
{[%emt 00:03:39]} Qxe2+ {[%clk 01:04:39]} {[%emt 00:03:57]} 8. Kxe2 {[%clk
01:19:26]} {[%emt 00:01:48]} a6 {[%clk 00:55:29]} {[%emt 00:09:40]} 9. d4
{[%clk 01:12:42]} {[%emt 00:07:15]} cxd4 {[%clk 00:50:57]} {[%emt 00:05:02]}
10. Nxd4 {[%clk 01:12:36]} {[%emt 00:00:36]} Nf6 {[%clk 00:48:01]} {[%emt
00:03:25]} 11. Re1 {[%clk 01:08:50]} {[%emt 00:04:16]} b5 {[%clk 00:40:48]}
{[%emt 00:07:43]} 12. Bb3 {[%clk 01:07:19]} {[%emt 00:02:01]} Bb7 {[%clk
00:36:37]} {[%emt 00:04:41]} 13. Kf1 {[%clk 01:06:23]} {[%emt 00:01:26]} Nbd7
{[%clk 00:33:49]} {[%emt 00:03:18]} 14. Bf4 {[%clk 01:02:55]} {[%emt 00:03:59]}
Nd5 {[%clk 00:19:15]} {[%emt 00:15:04]} 15. Bd6 {[%clk 00:52:51]} {[%emt
00:10:33]} N7f6 {[%clk 00:12:39]} {[%emt 00:07:06]} 16. Rad1 {[%clk 00:49:19]}
{[%emt 00:04:02]} Rd8 {[%clk 00:11:20]} {[%emt 00:01:49]} 17. Be5 {[%clk
00:46:24]} {[%emt 00:03:26]} O-O {[%clk 00:10:26]} {[%emt 00:01:24]} 18. Nac2
{[%clk 00:44:47]} {[%emt 00:02:06]} Rfe8 {[%clk 00:08:03]} {[%emt 00:02:53]}
19. a4 {[%clk 00:43:08]} {[%emt 00:02:10]} Ng4 {[%clk 00:05:32]} {[%emt
00:03:02]} 20. Bxg7 {[%clk 00:41:23]} {[%emt 00:02:15]} Kxg7 {[%clk 00:05:33]}
{[%emt 00:00:29]} 21. f3 {[%clk 00:39:37]} {[%emt 00:02:15]} Nh6 {[%clk
00:03:51]} {[%emt 00:02:12]} 22. axb5 {[%clk 00:38:11]} {[%emt 00:01:56]} axb5
{[%clk 00:04:01]} {[%emt 00:00:20]} 23. Nxb5 {[%clk 00:36:41]} {[%emt
00:02:00]} Ba6 {[%clk 00:02:10]} {[%emt 00:02:21]} 24. c4 {[%clk 00:33:53]}
{[%emt 00:03:18]} Bxb5 {[%clk 00:01:41]} {[%emt 00:00:59]} 25. cxb5 {[%clk
00:33:32]} {[%emt 00:00:51]} Nb6 {[%clk 00:01:52]} {[%emt 00:00:19]} 26. Rxd8
{[%clk 00:32:46]} {[%emt 00:01:17]} Rxd8 {[%clk 00:02:20]} {[%emt 00:00:02]}
27. Rxe7 {[%clk 00:32:47]} {[%emt 00:00:30]} Rd3 {[%clk 00:02:20]} {[%emt
00:00:30]} 28. Re3 {[%clk 00:33:14]} {[%emt 00:00:03]} Rd6 {[%clk 00:02:29]}
{[%emt 00:00:20]} 29. g4 {[%clk 00:32:52]} {[%emt 00:00:53]} Kf6 {[%clk
00:02:19]} {[%emt 00:00:39]} 30. Ke2 {[%clk 00:31:30]} {[%emt 00:01:52]} Nd5
{[%clk 00:01:52]} {[%emt 00:00:57]} 31. g5+ {[%clk 00:31:37]} {[%emt 00:00:24]}
Kxg5 {[%clk 00:01:32]} {[%emt 00:00:49]} 32. Re5+ {[%clk 00:31:54]} {[%emt
00:00:13]} Kf4 {[%clk 00:01:29]} {[%emt 00:00:33]} 33. Rxd5 {[%clk 00:32:10]}
{[%emt 00:00:14]} 1-0

[Event "DVM U20 2020"]
[Site "Willingen GER"]
[Date "2021.06.24"]
[Round "2"]
[White "Taras, Simon"]
[Black "Perkampus, Laurin"]
[Result "1-0"]
[Termination "normal"]
[Board "5.6"]
[WhiteElo "1690"]
[BlackElo "1920"]
[WhiteClock "00:01:09"]
[BlackClock "00:03:16"]
[WhiteTeam "SK Bebenhausen 1992"]
[BlackTeam "Schachgemeinschaft Porz e. V."]
[PlyCount "73"]
[WhiteFideId "12970972"]
[BlackFideId "16232283"]
[EventCountry "GER"]
[EventRounds "7"]
[EventType "team-swiss"]
[EventDate "2021.06.23"]

1. d4 {[%clk 01:30:55]} {[%emt 00:00:04]} Nf6 {[%clk 01:30:51]} {[%emt
00:00:08]} 2. c4 {[%clk 01:31:16]} {[%emt 00:00:10]} g6 {[%clk 01:31:16]}
{[%emt 00:00:06]} 3. Nc3 {[%clk 01:31:31]} {[%emt 00:00:14]} d5 {[%clk
01:31:40]} {[%emt 00:00:06]} 4. Nf3 {[%clk 01:31:43]} {[%emt 00:00:19]} Bg7
{[%clk 01:32:04]} {[%emt 00:00:06]} 5. Bg5 {[%clk 01:31:53]} {[%emt 00:00:20]}
Ne4 {[%clk 01:30:49]} {[%emt 00:01:45]} 6. Bh4 {[%clk 01:31:53]} {[%emt
00:00:30]} Nxc3 {[%clk 01:29:47]} {[%emt 00:01:33]} 7. bxc3 {[%clk 01:32:16]}
{[%emt 00:00:07]} dxc4 {[%clk 01:25:18]} {[%emt 00:04:58]} 8. e3 {[%clk
01:29:45]} {[%emt 00:03:00]} c5 {[%clk 01:16:45]} {[%emt 00:09:04]} 9. Bxc4
{[%clk 01:14:01]} {[%emt 00:16:14]} O-O {[%clk 01:08:55]} {[%emt 00:08:18]} 10.
O-O {[%clk 01:12:55]} {[%emt 00:01:37]} Nc6 {[%clk 01:07:14]} {[%emt 00:02:10]}
11. Qe2 {[%clk 01:02:44]} {[%emt 00:10:41]} b6 {[%clk 00:53:15]} {[%emt
00:14:30]} 12. Rfd1 {[%clk 00:57:55]} {[%emt 00:05:19]} Qc7 {[%clk 00:37:39]}
{[%emt 00:16:07]} 13. Bg3 {[%clk 00:45:40]} {[%emt 00:12:44]} Qb7 {[%clk
00:37:21]} {[%emt 00:00:48]} 14. dxc5 {[%clk 00:40:56]} {[%emt 00:05:14]} Bg4
{[%clk 00:34:50]} {[%emt 00:03:01]} 15. Ba6 {[%clk 00:39:54]} {[%emt 00:01:33]}
Qd7 {[%clk 00:22:15]} {[%emt 00:13:05]} 16. Rxd7 {[%clk 00:40:04]} {[%emt
00:00:20]} Bxd7 {[%clk 00:21:22]} {[%emt 00:01:23]} 17. Rd1 {[%clk 00:39:47]}
{[%emt 00:00:47]} Bc8 {[%clk 00:20:48]} {[%emt 00:01:04]} 18. cxb6 {[%clk
00:34:32]} {[%emt 00:05:45]} axb6 {[%clk 00:20:59]} {[%emt 00:00:19]} 19. Bxc8
{[%clk 00:34:46]} {[%emt 00:00:16]} Rfxc8 {[%clk 00:21:08]} {[%emt 00:00:21]}
20. Nd4 {[%clk 00:33:45]} {[%emt 00:01:31]} Na5 {[%clk 00:20:22]} {[%emt
00:01:14]} 21. Qb5 {[%clk 00:19:52]} {[%emt 00:14:24]} Rxc3 {[%clk 00:11:18]}
{[%emt 00:09:35]} 22. Qxb6 {[%clk 00:16:00]} {[%emt 00:04:23]} Ra3 {[%clk
00:10:27]} {[%emt 00:01:20]} 23. h4 {[%clk 00:07:13]} {[%emt 00:09:17]} Rxa2
{[%clk 00:10:05]} {[%emt 00:00:51]} 24. Nc6 {[%clk 00:05:42]} {[%emt 00:02:03]}
Nxc6 {[%clk 00:09:40]} {[%emt 00:00:56]} 25. Qxc6 {[%clk 00:06:00]} {[%emt
00:00:12]} Ra1 {[%clk 00:09:40]} {[%emt 00:00:30]} 26. Rxa1 {[%clk 00:04:22]}
{[%emt 00:02:08]} Rxa1+ {[%clk 00:10:04]} {[%emt 00:00:06]} 27. Kh2 {[%clk
00:04:50]} {[%emt 00:00:02]} Bf6 {[%clk 00:09:25]} {[%emt 00:01:10]} 28. Bf4
{[%clk 00:03:06]} {[%emt 00:02:14]} Kg7 {[%clk 00:09:21]} {[%emt 00:00:34]} 29.
Bg5 {[%clk 00:02:09]} {[%emt 00:01:28]} Bxg5 {[%clk 00:07:24]} {[%emt
00:02:26]} 30. hxg5 {[%clk 00:02:36]} {[%emt 00:00:04]} Rd1 {[%clk 00:06:24]}
{[%emt 00:01:30]} 31. Qc5 {[%clk 00:02:08]} {[%emt 00:00:57]} e6 {[%clk
00:05:52]} {[%emt 00:01:03]} 32. Qe5+ {[%clk 00:01:32]} {[%emt 00:01:07]} Kg8
{[%clk 00:06:12]} {[%emt 00:00:09]} 33. e4 {[%clk 00:01:35]} {[%emt 00:00:26]}
Rd2 {[%clk 00:03:57]} {[%emt 00:02:43]} 34. Kg3 {[%clk 00:01:39]} {[%emt
00:00:28]} Rd3+ {[%clk 00:03:42]} {[%emt 00:00:45]} 35. Kg4 {[%clk 00:01:11]}
{[%emt 00:00:59]} Rd2 {[%clk 00:03:30]} {[%emt 00:00:41]} 36. Qg3 {[%clk
00:00:44]} {[%emt 00:00:57]} Kg7 {[%clk 00:03:16]} {[%emt 00:00:45]} 37. Qc3+
{[%clk 00:01:09]} 1-0

[Event "DVM U20 2020"]
[Site "Willingen GER"]
[Date "2021.06.24"]
[Round "2"]
[White "Kololli, Martin"]
[Black "Ortmeier, Leonhard"]
[Result "1-0"]
[Termination "normal"]
[Board "6.1"]
[WhiteTitle "FM"]
[BlackTitle "FM"]
[WhiteElo "2316"]
[BlackElo "2290"]
[WhiteClock "01:30:49"]
[BlackClock "00:22:48"]
[WhiteTeam "Lübecker SV von 1873"]
[BlackTeam "Schachklub Münster 32 e. V."]
[PlyCount "55"]
[WhiteFideId "12936910"]
[BlackFideId "12993662"]
[EventCountry "GER"]
[EventRounds "7"]
[EventType "team-swiss"]
[EventDate "2021.06.23"]

1. e4 {[%clk 01:30:55]} {[%emt 00:00:02]} c5 {[%clk 01:29:57]} {[%emt
00:01:02]} 2. c3 {[%clk 01:31:21]} {[%emt 00:00:06]} d5 {[%clk 01:29:35]}
{[%emt 00:00:51]} 3. exd5 {[%clk 01:31:45]} {[%emt 00:00:06]} Qxd5 {[%clk
01:29:52]} {[%emt 00:00:14]} 4. d4 {[%clk 01:32:11]} {[%emt 00:00:05]} Nc6
{[%clk 01:29:58]} {[%emt 00:00:22]} 5. Nf3 {[%clk 01:32:37]} {[%emt 00:00:06]}
Bg4 {[%clk 01:29:30]} {[%emt 00:00:58]} 6. Be2 {[%clk 01:33:01]} {[%emt
00:00:06]} cxd4 {[%clk 01:29:12]} {[%emt 00:00:48]} 7. cxd4 {[%clk 01:33:23]}
{[%emt 00:00:07]} e6 {[%clk 01:29:28]} {[%emt 00:00:14]} 8. O-O {[%clk
01:33:44]} {[%emt 00:00:08]} Nf6 {[%clk 01:29:37]} {[%emt 00:00:22]} 9. Be3
{[%clk 01:33:58]} {[%emt 00:00:15]} Be7 {[%clk 01:27:40]} {[%emt 00:02:28]} 10.
Nc3 {[%clk 01:34:21]} {[%emt 00:00:07]} Qa5 {[%clk 01:27:11]} {[%emt 00:00:59]}
11. h3 {[%clk 01:34:39]} {[%emt 00:00:15]} Bh5 {[%clk 01:22:11]} {[%emt
00:05:28]} 12. Qb3 {[%clk 01:35:02]} {[%emt 00:00:07]} Qb4 {[%clk 01:16:55]}
{[%emt 00:05:46]} 13. g4 {[%clk 01:34:52]} {[%emt 00:00:40]} Bg6 {[%clk
01:11:32]} {[%emt 00:05:52]} 14. Ne5 {[%clk 01:35:15]} {[%emt 00:00:08]} O-O
{[%clk 01:02:21]} {[%emt 00:09:41]} 15. g5 {[%clk 01:35:02]} {[%emt 00:00:43]}
Qxb3 {[%clk 00:52:45]} {[%emt 00:10:06]} 16. axb3 {[%clk 01:35:24]} {[%emt
00:00:07]} Nd5 {[%clk 00:52:40]} {[%emt 00:00:35]} 17. Nxd5 {[%clk 01:35:44]}
{[%emt 00:00:10]} exd5 {[%clk 00:53:00]} {[%emt 00:00:10]} 18. Nxc6 {[%clk
01:36:09]} {[%emt 00:00:05]} bxc6 {[%clk 00:53:21]} {[%emt 00:00:10]} 19. Rfc1
{[%clk 01:36:22]} {[%emt 00:00:15]} Rfb8 {[%clk 00:45:28]} {[%emt 00:08:24]}
20. Rxc6 {[%clk 01:35:59]} {[%emt 00:00:54]} Rxb3 {[%clk 00:41:27]} {[%emt
00:04:32]} 21. Bf3 {[%clk 01:36:16]} {[%emt 00:00:12]} Be4 {[%clk 00:29:39]}
{[%emt 00:12:17]} 22. Bxe4 {[%clk 01:34:59]} {[%emt 00:01:47]} dxe4 {[%clk
00:29:38]} {[%emt 00:00:33]} 23. d5 {[%clk 01:31:11]} {[%emt 00:04:17]} Rd3
{[%clk 00:24:47]} {[%emt 00:05:21]} 24. Rxa7 {[%clk 01:29:39]} {[%emt
00:02:02]} Rxa7 {[%clk 00:24:48]} {[%emt 00:00:30]} 25. Rc8+ {[%clk 01:30:02]}
{[%emt 00:00:06]} Bf8 {[%clk 00:25:08]} {[%emt 00:00:10]} 26. Bxa7 {[%clk
01:30:21]} {[%emt 00:00:11]} Rxd5 {[%clk 00:22:59]} {[%emt 00:02:39]} 27. b4
{[%clk 01:30:35]} {[%emt 00:00:16]} Rxg5+ {[%clk 00:22:48]} {[%emt 00:00:42]}
28. Kf1 {[%clk 01:30:49]} {[%emt 00:00:15]} 1-0